Lyrics of USA National Anthem - Statistics

General Stats
  • This quiz has been taken 1,143 times
    912 since last reset
  • The average score is 6 of 8
Answer Stats
Hint Answer % Correct
Oh say, can you see by the dawn's early light
94%
Over the land of the free and the home of the brave?
83%
Gave proof through the night that our flag was still there:
77%
And the rockets' red glare, the bombs bursting in air
74%
What so proudly we hailed at the twilight's last gleaming?
70%
Oh say, does that star-spangled banner yet wave
69%
Whose broad stripes and birght stars through the perilous fight
61%
Over the ramparts we watched were so gallantly streaming.
55%
No matching quizzes found
Score Distribution
Percent of People with Each Score
Percentile by Number Answered
Your Score History
You have not taken this quiz since the last reset